Penanaman kekwa pasu

Bibliographic Details
Corporate Author: Institut Penyelidikan dan kemajuan Pertanian Malaysia(MARDI)
Format: Book
Published: Kuala Lumpur : Institut Penyelidikan dan Kemajuan Pertanian Malaysia , 1994
Subjects:

MARC

LEADER 00000cam a2200000 7i4500
001 0000006653
005 20050427.0
040 |a INS 
090 0 0 |a SB405   |b P3976 1994 
245 1 0 |a Penanaman kekwa pasu 
260 |a Kuala Lumpur :   |b Institut Penyelidikan dan Kemajuan Pertanian Malaysia ,   |c 1994 
650 0 0 |a Flowers 
710 2 |a Institut Penyelidikan dan kemajuan Pertanian Malaysia(MARDI) 
999 |a 0000007547   |b BOOK   |c Open Shelf   |e Default branch